000 00677nam a2200289Ia 4500
005 20260324125452.0
008 008 260324s9999 xx 000 0 eng d
020 _a9781315085111
037 _aEBOOK
040 _aCRL
040 _beng
040 _cCRL
041 _2eng
041 _aeng
084 _qCRL
100 _aTeresa Whitington
_91178104
245 4 _aThe Syllables of Time
245 0 _bProust and the History of Reading
260 _bTaylor and Francis
260 _c2009
365 _a
365 _b230
856 _uhttp://www.taylorfrancis.com/books/9781315085111
942 _cEBOOK
999 _c1773391
_d1773391